Práca s talentovanou mládežou v geografii

Uložené v:
Podrobná bibliografia
Hlavný autor: Dubcová, Alena
Korporativný autor: Fakulta prírodných vied Univerzity Konštantína Filozofa v Nitre. Katedra geografie, geoinformatiky a regionálneho rozvoja
Médium: Kniha
Jazyk:Slovak
Vydavateľské údaje: Nitra Univerzita Konštantína Filozofa v Nitre 2013
Edícia:Prírodovedec č. 524
Predmet:
Tagy: Pridať tag
Žiadne tagy, Buďte prvý, kto otaguje tento záznam!

MARC

LEADER 00000nam a2200000 4500
001 0179458
005 20240314094513.7
020 |a 978-80-558-0323-4 
041 0 |a slo 
044 |a SK 
245 1 0 |a Práca s talentovanou mládežou v geografii  |c Alena Dubcová ... [et al.] 
264 1 |a Nitra  |b Univerzita Konštantína Filozofa v Nitre  |c 2013 
300 |a 130 s. 
490 1 |a Prírodovedec  |v č. 524 
830 0 |a Prírodovedec  |v č. 524 
610 2 0 |a geografia 
610 2 0 |a zemepis 
610 2 0 |a didaktika 
610 2 0 |a vzdelávanie 
610 2 0 |a školstvo 
610 2 0 |a mládež 
610 2 0 |a zručnosti 
610 2 0 |a porovnanie medzinárodné 
610 2 0 |a Slovensko 
100 1 |a Dubcová, Alena 
710 2 |a Fakulta prírodných vied Univerzity Konštantína Filozofa v Nitre. Katedra geografie, geoinformatiky a regionálneho rozvoja